000 00588nam a2200217Ia 4500
001 16605
003 GE_BSU
008 181216s||||||||xx |||||||||||||| ||und||
040 _cGE_BSU
080 _a821.353.1-1
100 _aკალანდია, გენო
245 _aმიწის ჭრილობა
245 _bლექსები.
260 _aთბილისი
260 _bმერანი
260 _c1986
300 _a139გვ. ; 16სმ
653 _aლექსები.
653 _aმიწის ჭრილობა
942 _cBK
999 _c49672
_d49672